| 000 | 00495nam a22001577a 4500 | ||
|---|---|---|---|
| 003 | SGT | ||
| 020 | _a9788127264086 | ||
| 082 | _a346,MAH | ||
| 100 | _aMAHESHWARI | ||
| 245 | _aBANKING LAW AND PRACTICE | ||
| 260 |
_aNEW DELHI _bKALYANI'S _c2014 |
||
| 300 | _aV.P | ||
| 650 | _aPRIVATE LAW | ||
| 653 | _aINTRODUCTORY,LAW : RELATING TO NEGOTIABLE INSTRUMENTS,BANKER AND CUSTOMER,EMPLOYMENT OF BANK'S FUND,FINANCING SPECIFIC SECTORS,CREDIT,MANAGEMENT,FINANCIAL TOOLS,APPENDICES | ||
| 942 |
_2ddc _cFCM |
||
| 999 |
_c9185 _d9185 |
||